000
00303nam a2200121Ia 4500
008
221030s9999 xx 000 0 und d
041
_a
English
100
_a
V K Balakrishanan
245
0
_a
Schaum`s Theory & Problems of Graph Theory
_c
by V K Balakrishanan
260
_c
0
650
_a
Mc
942
_c
BK
999
_c
14639
_d
14639